Implementation of second five year plan and an outline of third plan of Bangladesh : (Record no. 7364)

MARC details
000 -LEADER
fixed length control field 00622nam a22001937a 4500
001 - CONTROL NUMBER
control field BD-DhSAU
003 - CONTROL NUMBER IDENTIFIER
control field BD-DhSAU
005 - DATE AND TIME OF LATEST TRANSACTION
control field 20150522115812.0
008 - FIXED-LENGTH DATA ELEMENTS--GENERAL INFORMATION
fixed length control field 150522b1986 bg a|||| |||| 00| 0 eng d
040 ## - CATALOGING SOURCE
Original cataloging agency BD-DhSAU
082 ## - DEWEY DECIMAL CLASSIFICATION NUMBER
Edition number 22
Classification number 303.484
Item number SYI
100 ## - MAIN ENTRY--PERSONAL NAME
Personal name Ahmed, Syed
245 ## - TITLE STATEMENT
Title Implementation of second five year plan and an outline of third plan of Bangladesh :
Remainder of title an evaluation of the programmes and projects in the public sector /
Statement of responsibility, etc. Syed Ahmed
260 ## - PUBLICATION, DISTRIBUTION, ETC. (IMPRINT)
Place of publication, distribution, etc. Dhaka :
Name of publisher, distributor, etc. GOVT. OF BANGLADESH,
Date of publication, distribution, etc. c1986.
300 ## - PHYSICAL DESCRIPTION
Extent xiii, 282 p. :
Other physical details ill. ;
Dimensions 25 cm.
590 ## - Name of Cataloguer
Name of Cataloger Jerin
650 ## - SUBJECT ADDED ENTRY--TOPICAL TERM
Topical term or geographic name as entry element Economics
942 ## - ADDED ENTRY ELEMENTS (KOHA)
Source of classification or shelving scheme Dewey Decimal Classification
Koha item type Book
Holdings
Withdrawn status Lost status Source of classification or shelving scheme Damaged status Not for loan Collection code Home library Branch Name Shelving location Date acquired Total Checkouts Full call number Barcode Date last seen Price effective from Koha item type
    Dewey Decimal Classification   Not For Loan Reference SAU Library SAU Library Reference 24/02/2006   303.484 SYI 31739 22/05/2015 22/05/2015 Book
    Dewey Decimal Classification   Not For Loan   SAU Library SAU Library Reference 10/01/2002   303.484 SYI 30362 28/05/2015 28/05/2015 Book